Les Colònies industrials de la Conca del Llobregat : 150 anys d'història / 150 anys d'història /
MARC
| LEADER | 00000cam a2200000 i 4500 | ||
|---|---|---|---|
| 001 | 26165 | ||
| 005 | 20260324181128.0 | ||
| 008 | 191113e201903 spc|||| ||||l0|0 0 |c | ||
| 017 | |a DL B 4331-2019 |b Biblioteca de Catalunya | ||
| 020 | |a 9788498038705 | ||
| 080 | |a Bib-778 | ||
| 090 | |a HD9865.C283 |b L56 2019 | ||
| 100 | |a Balcells, Albert |e autor |9 31713 | ||
| 245 | 1 | 4 | |a Les Colònies industrials de la Conca del Llobregat : |b 150 anys d'història / |c Albert Balcells i Rosa Serra |
| 250 | |a Primera edició | ||
| 264 | 1 | |a Barcelona : |b Diputació de Barcelona : |b Museu de la Ciència i de la Tècnica de Catalunya, |c març de 2019 | |
| 300 | |a 496 pàgines : |b il·lustracions (algunes en color) ; |c 24 cm | ||
| 336 | |a text |b txt |2 rdacontent | ||
| 337 | |a sense mediació |b n |2 rdamedia | ||
| 338 | |a volum |b nc |2 rdacarrier | ||
| 504 | |a Bibliografia: pàgines 488-496 | ||
| 650 | 0 | |a Treballadors |x Habitatges |z Llobregat (Catalunya : Curs d'aigua) |9 53793 | |
| 650 | 0 | |a Colònies industrials |z Llobregat (Catalunya : Curs d'aigua) |2 lemac |9 53794 | |
| 650 | 0 | |a Indústria tèxtil |x Catalunya |x Història |2 Arxiu |9 28740 | |
| 651 | 0 | |a Llobregat (Catalunya : Curs d'aigua) |x Indústries |2 lemac |9 53795 | |
| 700 | 1 | |a Serra, Rosa, |d 1958- |e autor |9 51705 | |
| 710 | 1 | |a Barcelona (Catalunya : Província). |b Diputació |9 52408 | |
| 710 | 2 | |a Museu de la Ciència i de la Tècnica de Catalunya |9 53796 | |
| 908 | |a MNACTEC |a UB |a UPC |a BAB |a UPF |a COAC |a UAB |a AHCB |a BMON |a BC | ||
| 940 | |a BC | ||
| 942 | |2 udc |c ARXIU |n 1 | ||
| 952 | |0 0 |1 0 |4 0 |6 BIB778 |7 1 |9 62673 |a Arxiu |b Arxiu |d 2022-07-05 |l 0 |o Bib-778 |p 26165 |r 2022-07-05 00:00:00 |w 2022-07-05 |y ARXIU | ||
| 999 | |c 82213 |d 82213 | ||